Warsztat malarski drewnianych - lakierowanych tarcz zegarów szwarcwaldzkich na podstawie wybranych zabytków w zbiorach muzeów polskich

Titel: Warsztat malarski drewnianych - lakierowanych tarcz zegarów szwarcwaldzkich na podstawie wybranych zabytków w zbiorach muzeów polskich
Verfasser:
Beteiligt:
In: Album amicorum, (2008), Seite 211-230
alle Artikel anzeigen
Veröffentlicht: 2008
Format: Aufsatz
Sprache: Polnisch
Kein Bild verfügbar
X
alg: 39440979
001A    $01999:12-11-16 
001B    $01999:01-06-17 $t17:45:26.000 
001D    $01999:12-11-16 
001U    $0utf8 
001X    $00 
002@    $0Aox 
003@    $0394409795 
007A    $0394409795 $aHEB 
007T    $0Herdkk00042373 
010@    $apol 
011@    $a2008 
021A    $aWarsztat malarski drewnianych - lakierowanych tarcz zegarów szwarcwaldzkich na podstawie wybranych zabytków w zbiorach muzeów polskich 
028A    $aOlszewska-Świetlik $dJustyna 
028B/01 $aCybulska $dKatarzyna A. 
031A    $h211-230 $j2008 
039B    $aIn $8--Aau--. Album amicorum. - Toruń : Wydawnictwo Naukowe Uniwersytetu Mikołaja Kopernika, 2008. - 407 S.. - Ill.. - ISBN 83-231-2205-9 $x200800000000000789 $9366207512 

lok: 39440979 78

exp: 39440979 78 1 #EPN
201B/01 $018-11-16 $t11:31:37.000 
201U/01 $0utf8 
203@/01 $0790520206 
208@/01 $a12-11-16 $be 
209A/01 $a/ $f000 $x00 
220C/01 $aHerkunft: PBB/IH PAN 
244Z/01 $2Trx $#Poola $#Lenkija $#Polija $#Polen Land $#Poland $#Lengyelország $#Poľsko $#Polsko $8--Trx--Polska$gkraj $x01 $9391345966 
244Z/01 $2Trx $8--Trx--Einzelbeiträge $x02 $9391384570 
247C/01 $82080>Marburg/Lahn, Herder-Institut, Forschungsbibliothek, Bibliographieportal $9336309341
LEADER 00000caa a22000002c 4500
001 394409795
003 DE-603
005 20170601174526.0
007 tu
008 161112s2008 xx |||| | u00||u|pol c
035 |a (DE-599)HEB394409795 
040 |a DE-603  |b ger  |c DE-603  |d DE-603 
041 |a pol 
100 1 |a Olszewska-Świetlik, Justyna 
245 0 0 |a Warsztat malarski drewnianych - lakierowanych tarcz zegarów szwarcwaldzkich na podstawie wybranych zabytków w zbiorach muzeów polskich 
264 0 |c 2008 
700 1 |a Cybulska, Katarzyna A. 
773 0 8 |i In  |t Album amicorum  |d Toruń : Wydawnictwo Naukowe Uniwersytetu Mikołaja Kopernika, 2008  |h 407 S., Ill.  |z 8323122059  |z 9788323122050  |g (2008), Seite 211-230  |w (DE-603)366207512 
924 0 |9 2080  |a (DE-603)790520206  |b DE-2080  |c HES  |d d  |g /